| 000 | 00946nam a22002297a 4500 | ||
|---|---|---|---|
| 999 |
_c15781 _d15781 |
||
| 003 | AR-CdUCM | ||
| 008 | 190430b ||||| |||| 00| 0 spa d | ||
| 040 |
_aMUNICIPALIDAD PROVINCIAL DEL CUSCO _cBIBLIOTECA MUNICIPAL DEL CUSCO |
||
| 082 |
_a375.42 / _bB3 |
||
| 100 |
_aGarcilaso de la Vega, Inca _92774 |
||
| 245 |
_aComentarios reales : _bselección / |
||
| 260 |
_aLima : _bEds. del Ministerio de Educación Pública, _c1958. |
||
| 300 |
_a152 páginas ; _c17 cm. |
||
| 440 |
_aBiblioteca del estudiante peruano ; _n3 _934986 |
||
| 505 | _aContenido: Proemio al lector -- Acerca de la lengua general de los indios del Perú -- Si hay muchos mundos, trata de las cinco zonas -- La descripción del Perú -- El origen de los incas, reyes del Perú ... | ||
| 650 |
_aDescubrimiento y Conquista _92362 |
||
| 650 |
_aGuerras Civiles _97729 |
||
| 650 |
_aHistoria _9136 |
||
| 650 |
_aPerú _935 |
||
| 942 |
_2ddc _cLIBROS |
||
| 945 |
_aacv _d2019-04-30 |
||